Major Ports of Japan - Statistics

General Stats
  • This quiz has been taken 37 times
  • The average score is 65 of 125
Answers on the Map
Answers color-coded by a green-red scale on the quiz's map according to % correct below.
 
Answer Stats
Prefecture Port % Correct
Nagasaki Nagasaki
93%
Kanagawa Yokohama
93%
Aomori Aomori
89%
Niigata Niigata
89%
Toyama Fushiki-Toyama
86%
Hokkaido Hakodate
86%
Aichi Nagoya
86%
Tottori Tottori
86%
Hokkaido Wakkanai
86%
Ishikawa Kanazawa
82%
Okinawa Naha
82%
Hokkaido Otaru
82%
Kagoshima Sendai
82%
Miyagi Sendai-Shiogama
82%
Akita Akita
79%
Kanagawa Kawasaki
79%
Miyazaki Miyazaki
79%
Hokkaido Nemuro
79%
Tottori/Shimane Sakai
79%
Osaka Sakai-Senboku
79%
Wakayama Wakayama-Shimotsu
79%
Iwate Miyako
75%
Okayama Okayama
75%
Osaka Osaka
75%
Nagasaki Sasebo
75%
Tokyo Tokyo
75%
Mie Tsu-Matsusaka
75%
Chiba Chiba
71%
Hiroshima Hiroshima
71%
Kagoshima Kagoshima
71%
Hiroshima Kure
71%
Kanagawa Yokosuka
71%
Oita Beppu
68%
Kochi Kochi
68%
Kumamoto Kumamoto
68%
Kyoto Maizuru
68%
Hokkaido Tomakomai
68%
Ehime Toyo
68%
Hyogo Himeji
64%
Yamaguchi Iwakuni
64%
Saga Karatsu
64%
Fukuoka Kitakyushu
64%
Hyogo Kobe
64%
Hokkaido Muroran
64%
Oita Oita
64%
Yamaguchi Shimonoseki
64%
Kagawa Takamatsu
64%
Tokushima Tokushima-Komatsushima
64%
Aomori Hachinohe
61%
Fukuoka Hakata
61%
Hokkaido Kushiro
61%
Ehime Matsuyama
61%
Yamagata Sakata
61%
Yamaguchi Ube
61%
Ehime Uwajima
61%
Hyogo Amagasaki-Nishinomiya-Ashiya
57%
Ehime Imabari
57%
Okinawa Ishigaki
57%
Ishikawa Nanao
57%
Shizuoka Omaezaki
57%
Kagawa Sakaide
57%
Mie Yokkaichi
57%
Hokkaido Abashiri
54%
Hiroshima Fukuyama
54%
Shimane Hamada
54%
Ibaraki Kashima
54%
Ehime Niihama
54%
Hokkaido Rumoi
54%
Kagoshima Shibushi
54%
Yamaguchi Tokuyama-Kudamatsu
54%
Chiba Kisarazu
50%
Shizuoka Shimizu
50%
Fukui Tsuruga
50%
Saga Imari
46%
Hokkaido Ishikari Bay New
46%
Iwate Kuji
46%
Akita Noshiro
46%
Hiroshima Onomichi-Itozaki
46%
Mie Owase
43%
Oita Saiki
43%
Kumamoto Yatsushiro
43%
Iwate Kamaishi
39%
Ehime Mishima-Kawanoe
39%
Hokkaido Monbetsu
39%
Oita Nakatsu
39%
Kagoshima Nishinoomote
39%
Kochi Sukumo Bay
39%
Nagasaki Fukue
36%
Niigata Naoetsu
36%
Yamaguchi Onoda
36%
Niigata Ryotsu
36%
Oita Tsukumi
36%
Iwate Ofunato
32%
Fukushima Onahama
32%
Kochi Susaki
32%
Aichi Mikawa
29%
Fukushima Soma
29%
Okayama Uno
29%
Wakayama Hidaka
25%
Okinawa Hirara
25%
Nagasaki Izuhara
25%
Fukuoka Kanda
25%
Kumamoto | Shimane Misumi
25%
Shizuoka Tagonoura
25%
Miyazaki Aburatsu
21%
Okayama Mizushima
21%
Aomori Mutsu-Ogawara
21%
Kagoshima Naze
21%
Hokkaido Tokachi
21%
Nagasaki Gonoura
18%
Okinawa Kin Bay
18%
Aichi Kinuura
18%
Fukuoka Miike
18%
Okinawa Nakagusuku Bay
18%
Niigata Ogi
18%
Okinawa Unten
18%
Ibaraki Ibaraki
14%
Yamaguchi Mitajiri-Nakanoseki
14%
Akita Funagawa
11%
Osaka Hannan
11%
Hyogo Higashiharima
11%
Miyazaki Hososhima
11%
Shimane Saigo
11%
Tokushima Tachibana
11%
No matching quizzes found
Score Distribution
Percent of People with Each Score
Percentile by Number Answered
Your Score History
You have not taken this quiz